000 004340000a22001810004500
003 MACL
005 20150910122255.0
008 150910b xxu||||| |||| 00| 0 eng d
040 _aMACL
_cMACL
041 _aEnglish
082 _a821/MAJ
100 _aMajid, Roohi
_99798
245 _aStars Dance into the Sea
260 _bVirgo, Publications
_c2007
_aNew Delhi
350 _a250
650 _aPoetry
_99800
942 _cBK
_k821
_2ddc
999 _c8895
_d8895